000 00943nam a22002175i 4500
001 172796
003 ES-MaACL
005 20250831061534.0
008 090909s1933 sp |||| | spa d
110 1 _aEspaña
_93622
245 1 0 _aAcuerdo internacional aceptando la adición de un párrafo en la regla XIX (2) del convenio internacional para la seguridad de la vida humana en el mar, que se firmó en Londres el 31 de mayo de 1929.
260 _aMadrid :
_b[s.n.],
_c1933 (
_fImpr. del Ministerio de Estado)
300 _a4 p. ;
_c24 cm.
490 1 _aPublicaciones del Ministerio de Estado. Serie A: Acuerdos y Convenios Internacionales. Año 1933 ;
_v8
500 _aLa cubierta sirve de portada.
594 _aTexto en español y inglés.
710 1 _aEspaña.
_bMinisterio de Estado.
_93866
830 0 0 _aPublicaciones del Ministerio de Estado
_v8
_9189119
852 _aES-MaACL
_j2300-F-13
999 _c172796
_d172796